000 01147cam a22003853a 4500
001 16033469
003 LC
005 20160301143944.0
008 830902s1983 nyua 000 1 eng d
010 _a 2009665971
020 _a0440925312 :
_c$2.50
020 _a9780440925316
035 _a(OCoLC)ocm09874908
035 _a(OCoLC)9874908
040 _aCOQ
_cCOQ
_dOCLCQ
_dBTCTA
_dNED
_dDLC
042 _alccopycat
050 0 0 _aPS 3553
_b.C156 1983
082 _aFIC
_bC13f 1983
100 1 _aCallahan, Jay.
_920260
245 1 0 _aFootprints of the dead /
_cJay Callahan.
260 _aNew York :
_bDell,
_cc1983.
300 _a151 p. :
_c18 cm.
490 0 _aTwilight ;
_v#14
490 0 _aTwilight series
490 0 _aDell fic
490 0 _aLaurel-Leaf Library
650 0 _aZombiism
_vJuvenile fiction.
_920261
655 7 _aHorror fiction.
_2gsafd
_93405
655 7 _aYoung adult fiction.
_2lcsh
_93735
710 2 _aCopyright Paperback Collection (Library of Congress)
_5DLC
_9705
906 _a7
_bcbc
_ccopycat
_d2
_encip
_f20
_gy-genrareb
942 _2lcc
_cBK
999 _c11443
_d11443